000 00296nam a22001337a 4500
008 170706b xxu||||| |||| 00| 0 eng d
020 _a9780030683794
041 _aeng
080 _26 ED
_a82
100 _a22
101 _aGJL
245 _aELEMENTS LITERATURE
_cRINEHART.H
942 _2udc
_cBK
999 _c19938
_d19938